| 000 | 00608nam a22001577a 4500 | ||
|---|---|---|---|
| 003 | OSt | ||
| 005 | 20150923151332.0 | ||
| 008 | 150923b xxu||||| |||| 00| 0 eng d | ||
| 040 | _cRUA | ||
| 082 | _aAGR BOU 2010 B046 Or.1 | ||
| 100 |
_91198 _aBOU, SOPHEAK |
||
| 245 | _aEffect of urea on chinese kale by using drip irrigation system ឥទ្ទិពលជីអ៊ុយរ៉េលើដំណាំខាត់ណាដោយប្រើប្រព័ន្ធស្រោចស្រពដំណក់ទឹក | ||
| 260 |
_aPhnom Penh _bRUA _c2010 |
||
| 300 |
_ax, 51p. _bill. _c29cm. |
||
| 942 |
_2ddc _cAGR |
||
| 999 |
_c1141 _d1141 |
||